Normal view
MARC view
- Flooring
Entry Topical Term
001 - CONTROL NUMBER
- control field: 121204
003 - CONTROL NUMBER IDENTIFIER
- control field: NUST
005 - DATE AND TIME OF LATEST TRANSACTION
- control field: 20240223101950.0
008 - FIXED-LENGTH DATA ELEMENTS
- fixed length control field: 240223|| aca||aabn | a|a d
040 ## - CATALOGING SOURCE
- Original cataloging agency: NUST
- Transcribing agency: NUST
150 ## - HEADING--TOPICAL TERM
- Topical term or geographic name entry element: Flooring
670 ## - SOURCE DATA FOUND
- Source citation: Work cat.: (NUST): Callery, Emma 121203, 1001 ideas for floors : , 2008.
